Reason And Responsibility, (Record no. 5800)

MARC details
005 - DATE AND TIME OF LATEST TRANSACTION
control field 20250628054023.0
020 ## - INTERNATIONAL STANDARD BOOK NUMBER
International Standard Book Number 13: 978-1-133-60850-9
082 ## - DEWEY DECIMAL CLASSIFICATION NUMBER
Classification number 100 FEI.
100 ## - MAIN ENTRY--PERSONAL NAME
Author name FEINBERG, J.
245 ## - TITLE STATEMENT
Title Reason And Responsibility,
250 ## - EDITION STATEMENT
Edition statement 15th Ed.
260 ## - PUBLICATION, DISTRIBUTION, ETC.
Place of publication, distribution, etc. New York,
Name of publisher, distributor, etc. Clark Baxter,
Date of publication, distribution, etc. 2006.
300 ## - PHYSICAL DESCRIPTION
Extent xvii.; 681p.; Ill.; picture,
Other physical details Glossary,
Dimensions 25cm.
700 ## - ADDED ENTRY--PERSONAL NAME
Other authors/Editors Landau, S. R.
942 ## - ADDED ENTRY ELEMENTS (KOHA)
Source of classification or shelving scheme Dewey Decimal Classification
Koha item type Books
Holdings
Date last seen Total checkouts Full call number Barcode Cost, replacement price Price effective from Koha item type Lost status Source of classification or shelving scheme Damaged status Not for loan Withdrawn status Home library Current library Shelving location Date acquired Cost, normal purchase price
06/28/2025   100FEI DOM0002620 120000.00 06/28/2025 Books   Dewey Decimal Classification       CBE Dodoma CBE Dodoma General Collection 03/02/2025 40000.00